000 00331nam a2200133Ia 4500
005 20251222155057.0
008 251222s9999||||xx |||||||||||||| ||spa||
082 _aING.09
100 _aESPAZA SIGLOS XXI.
245 0 _aDiccionario Español - Inglés, Inglés - Españaol
250 _a1ra. ed.
264 _bEspasa
942 _cLIB
999 _c37534
_d37534